Catastrophe! : the looting and destruction of Iraq's past /

محفوظ في:

مؤلفون آخرون: Emberling, Geoff (المحرر), Hanson, Katharyn (المحرر), Gibson, McGuire (مساهم)

التنسيق: كتاب

اللغة: English

منشور في: Chicago, Illinois : Oriental Institute of the University of Chicago, 2008.

سلاسل: Oriental Institute Museum publications ; 28.

الموضوعات:

الوسوم: إضافة وسم

لا توجد وسوم, كن أول من يضع وسما على هذه التسجيلة!

رقم الطلب: DS79.76 .C38 2008

LEADER 01291cam a2200325 i 4500
003 OSt
005 20241020094019.0
008 080222s2008 iluab b 000 0 eng
999 |c 55181  |d 55181 
020 |a 9781885923561 (alk. paper) 
020 |a 1885923562 (alk. paper) 
040 |c ARCE Library 
042 |a pcc 
043 |a a-iq--- 
050 4 |a DS79.76 .C38 2008 
245 0 0 |a Catastrophe! :  |b the looting and destruction of Iraq's past /  |c edited by Geoff Emberling, Katharyn Hanson ; with contributions by McGuire Gibson ... [et al.]. 
246 3 0 |a Looting and destruction of Iraq's past. 
264 1 |a Chicago, Illinois :  |b Oriental Institute of the University of Chicago,  |c 2008. 
300 |a 87 pages :  |b illustrations (some color), maps (some color) ;  |c 30 cm. 
490 0 |a Oriental Institute Museum publications ;  |v 28. 
504 |a Includes bibliographical references. 
650 0 |a Iraq War, 2003-2011  |x Destruction and pillage  |v Exhibitions. 
650 0 |a Archaeological thefts  |z Iraq  |v Exhibitions. 
650 0 |a Cultural property  |x Protection  |z Iraq  |v Exhibitions. 
651 0 |a Iraq  |x Antiquities  |v Exhibitions. 
700 1 |a Emberling, Geoff,  |e editor 
700 1 |a Hanson, Katharyn,  |e editor 
700 1 |a Gibson, McGuire,  |e contributor 
901 |a reviewed 
942 |2 lcc  |c BK